00428pab a2200145 454500008004000000100002600040245007300066260000900139300001400148362000800162650004100170650001500211700002200226773003400248180718b2005 xxu||||| |||| 00| 0 eng d aWilliams, Andrew Paul aCandidate campaign e-mail messages in the Presidential election 2004 c2005 ap.560-74. aDec aUnited States. President - Elections aPresidents aTrammell, Kaye D. aAmerican Behavioral Scientist